000 00287nam a22001337a 4500
008 170828b xxu||||| |||| 00| 0 eng d
020 _a9789995634124
041 _aALB
080 _a070
100 _a39
101 _aMED
245 _aDREJTIM PROTOFOLI
_cBUNDO.SH
942 _2udc
_cBK
999 _c25187
_d25187